000
00452nam a2200145Ia 4500
008
090124s9999 xx 000 0 und d
082
_b
201193
245
_a
उभे धागे: आडवे धागे
250
_a
1
260
_b
माडगूळकर ग.दि.
_c
1972
300
_a
208
630
_a
उभे धागे: आडवे धागे
730
_a
उभे धागे: आडवे धागे
942
_c
BOOK
999
_c
182774
_d
182774